| 000 | 12961cam a2202509 a 4500 | ||
|---|---|---|---|
| 999 | _c57137 | ||
| 001 | 13585237 | ||
| 003 | LIBRIS | ||
| 005 | 20210716130100.0 | ||
| 008 | 121108s2013 sw |||||||||||000 0|swe| | ||
| 020 |
_a9789113034102 _qinb. |
||
| 035 | _a(Bo)514595 | ||
| 040 |
_aLGEN _dS _ea |
||
| 041 | _aswe | ||
| 082 | 0 | 4 |
_a320.533 _223/swe |
| 084 |
_aOcgg _2kssb/8 (machine generated) |
||
| 100 | 1 |
_aArnstad, Henrik, _d1967- _4aut _0https://libris.kb.se/wt7bhkgf0hwsm4b#it |
|
| 245 | 1 | 0 |
_aÄlskade fascism : _bde svartbruna rörelsernas ideologi och historia / _cHenrik Arnstad. |
| 264 | 1 |
_aStockholm : _bNorstedt, _c2013 |
|
| 264 | 3 | _aLettland | |
| 300 |
_a452 s. _c24 cm |
||
| 500 |
_5Li _aPliktex. |
||
| 583 |
_5R _a20130326 |
||
| 648 | 7 |
_a1900-talet _0https://id.kb.se/term/sao/1900-talet _2sao |
|
| 648 | 7 |
_a2000-talet _0https://id.kb.se/term/sao/2000-talet _2sao |
|
| 650 | 7 |
_aFascism _0https://id.kb.se/term/sao/Fascism _2sao |
|
| 650 | 7 |
_aFascism _zEurope _2ncjt |
|
| 650 | 0 | _aFascism | |
| 650 | 4 | _aFascism | |
| 650 | 4 | _aHistoria | |
| 650 | 4 | _a1900-talet | |
| 650 | 4 | _a2000-talet | |
| 651 | 7 |
_aEuropa _0https://libris.kb.se/rp354mt934f3fm1#it _2sao |
|
| 653 | _aHistoria | ||
| 653 | _aEuropa | ||
| 653 | _aFascism | ||
| 951 | s |
_6651 _aGamla världen |
|
| 951 | k |
_6651 _aVästerlandet |
|
| 951 | k |
_6651 _aEU-länderna |
|
| 951 | k |
_6651 _aEurasien |
|
| 887 |
_a{"@id":"wf7bncx71knzhrb","modified":"2018-10-30T23:00:00+01:00","checksum":"-11522983017"} _2librisxl |
||
| 887 |
_a{"@id":"9fm4qhlg5b621fz","modified":"2013-04-11T12:35:09+02:00","checksum":"3761340185"} _2librisxl |
||
| 887 |
_a{"@id":"x28rb7r30zc39ll","modified":"2013-04-08T16:12:42+02:00","checksum":"69037800586"} _2librisxl |
||
| 887 |
_a{"@id":"sx5k6nqz03hqgth","modified":"2018-01-04T13:46:21+01:00","checksum":"51928842028"} _2librisxl |
||
| 887 |
_a{"@id":"jnvjn6bp4p2gnqx","modified":"2014-08-25T10:52:26+02:00","checksum":"-18359499182"} _2librisxl |
||
| 887 |
_a{"@id":"15cvtwn600c4sgg","modified":"2013-05-06T12:54:49+02:00","checksum":"-472458744"} _2librisxl |
||
| 887 |
_a{"@id":"7clh8mzd0bzt7vt","modified":"2016-01-25T12:18:13+01:00","checksum":"3694051484"} _2librisxl |
||
| 887 |
_a{"@id":"48gzhfz92x7g515","modified":"2013-03-26T15:41:42+01:00","checksum":"9054821308"} _2librisxl |
||
| 887 |
_a{"@id":"pt1k9dhv10w7cz3","modified":"2013-08-22T14:47:28+02:00","checksum":"-2614046891"} _2librisxl |
||
| 887 |
_a{"@id":"48g3kk090dp6pnx","modified":"2014-04-01T12:18:19+02:00","checksum":"-2305894157"} _2librisxl |
||
| 887 |
_a{"@id":"04btqt654jqxt88","modified":"2013-04-30T10:43:00+02:00","checksum":"27332112247"} _2librisxl |
||
| 887 |
_a{"@id":"chp63pzj4mcd2xf","modified":"2013-04-30T08:16:54+02:00","checksum":"6470727446"} _2librisxl |
||
| 887 |
_a{"@id":"fkr8rx4l095s31r","modified":"2013-03-22T11:45:41+01:00","checksum":"42955729906"} _2librisxl |
||
| 887 |
_a{"@id":"sx4m4pzz400wcxx","modified":"2013-05-14T13:47:21+02:00","checksum":"-19953186269"} _2librisxl |
||
| 887 |
_a{"@id":"gls9szvm3lhlpw0","modified":"2013-09-20T12:00:02+02:00","checksum":"26581270921"} _2librisxl |
||
| 887 |
_a{"@id":"5jgm36283w7xm7v2","modified":"2020-11-09T11:32:47.328+01:00","checksum":"-12477297656"} _2librisxl |
||
| 887 |
_a{"@id":"lqxfvdcr0z648tk","modified":"2017-02-06T15:54:27+01:00","checksum":"-25330910501"} _2librisxl |
||
| 887 |
_a{"@id":"z39sbxn453z99jv","modified":"2013-04-04T12:24:30+02:00","checksum":"-26475709784"} _2librisxl |
||
| 887 |
_a{"@id":"7ck2m29d0zntxbr","modified":"2013-05-03T08:16:46+02:00","checksum":"32582307254"} _2librisxl |
||
| 887 |
_a{"@id":"8dl5nqdf071wwqm","modified":"2013-12-04T11:14:13+01:00","checksum":"25830706054"} _2librisxl |
||
| 887 |
_a{"@id":"59h0nzcb3zdkq6c","modified":"2016-03-07T10:21:41+01:00","checksum":"33941569823"} _2librisxl |
||
| 887 |
_a{"@id":"mrzhc55s574r49c","modified":"2013-09-10T19:39:16+02:00","checksum":"55095056704"} _2librisxl |
||
| 887 |
_a{"@id":"fkr8stll5j7w6t6","modified":"2020-02-26T14:05:23.514+01:00","checksum":"42071012008"} _2librisxl |
||
| 887 |
_a{"@id":"lqxffv2r10sb7v8","modified":"2018-03-13T13:28:53+01:00","checksum":"14045141528"} _2librisxl |
||
| 887 |
_a{"@id":"04btqbr53sxw10t","modified":"2013-04-30T08:30:02+02:00","checksum":"3084978181"} _2librisxl |
||
| 887 |
_a{"@id":"chp6tl6j1vgnr7j","modified":"2013-09-10T12:16:01+02:00","checksum":"-610692905"} _2librisxl |
||
| 887 |
_a{"@id":"gls9rxsm3kgbk1h","modified":"2013-03-18T16:22:36+01:00","checksum":"-11763200101"} _2librisxl |
||
| 887 |
_a{"@id":"37f6xq583qw745c","modified":"2016-05-26T13:04:03+02:00","checksum":"39671620735"} _2librisxl |
||
| 887 |
_a{"@id":"x28vptf32s1k3lw","modified":"2014-03-06T18:26:51+01:00","checksum":"-21608962793"} _2librisxl |
||
| 887 |
_a{"@id":"x28r8xn30s2q2jf","modified":"2013-03-25T12:50:45+01:00","checksum":"65750326332"} _2librisxl |
||
| 887 |
_a{"@id":"37fxjf085vkd0nv","modified":"2013-04-12T13:29:54+02:00","checksum":"10503173750"} _2librisxl |
||
| 887 |
_a{"@id":"hmtbvswn14hsz8n","modified":"2013-03-26T14:41:48+01:00","checksum":"18515649209"} _2librisxl |
||
| 887 |
_a{"@id":"04btc2v55gfgdrz","modified":"2013-04-10T14:00:20+02:00","checksum":"36679216350"} _2librisxl |
||
| 887 |
_a{"@id":"15d6qlh60mfx3hb","modified":"2015-06-22T10:43:11+02:00","checksum":"3985381093"} _2librisxl |
||
| 887 |
_a{"@id":"lqxh2lbr1wrkpl3","modified":"2013-12-10T16:10:31+01:00","checksum":"-11670689558"} _2librisxl |
||
| 887 |
_a{"@id":"ns0hmz7t18vgfpp","modified":"2018-01-08T10:20:38+01:00","checksum":"43056655553"} _2librisxl |
||
| 887 |
_a{"@id":"fkr9651l4jxgjxc","modified":"2013-09-12T10:07:27+02:00","checksum":"-20053576920"} _2librisxl |
||
| 887 |
_a{"@id":"pt1jpswv3j2r6gp","modified":"2013-06-07T14:05:13+02:00","checksum":"41716586332"} _2librisxl |
||
| 887 |
_a{"@id":"gls8k7zm3p8kmh9","modified":"2013-05-06T16:54:36+02:00","checksum":"-18602428280"} _2librisxl |
||
| 887 |
_a{"@id":"mrzg0k4s475zsmm","modified":"2013-04-16T08:14:35+02:00","checksum":"63951347234"} _2librisxl |
||
| 887 |
_a{"@id":"bgn56g2h2hfdtbr","modified":"2017-01-16T08:55:02+01:00","checksum":"14252745466"} _2librisxl |
||
| 887 |
_a{"@id":"48gzfwx92f1tpmv","modified":"2013-03-20T08:58:57+01:00","checksum":"41763263293"} _2librisxl |
||
| 887 |
_a{"@id":"v06p73l14h6mghq","modified":"2019-09-03T12:57:20.435+02:00","checksum":"58892668180"} _2librisxl |
||
| 887 |
_a{"@id":"lqxhs7rr4vxzssr","modified":"2013-11-06T15:07:35+01:00","checksum":"61329641802"} _2librisxl |
||
| 887 |
_a{"@id":"48gzc6894sg7x6p","modified":"2013-03-07T16:37:15+01:00","checksum":"40500076884"} _2librisxl |
||
| 887 |
_a{"@id":"v06plv111q704xs","modified":"2013-04-30T11:16:02+02:00","checksum":"-20489069200"} _2librisxl |
||
| 887 |
_a{"@id":"mrzgds1s346m0f2","modified":"2013-04-30T12:10:58+02:00","checksum":"-4818459467"} _2librisxl |
||
| 887 |
_a{"@id":"kwjfvvl5h4fnftrk","modified":"2019-12-11T11:03:30.333+01:00","checksum":"-24633056801"} _2librisxl |
||
| 887 |
_a{"@id":"bgn5v84h1b38n3j","modified":"2013-04-24T11:19:25+02:00","checksum":"30915735588"} _2librisxl |
||
| 887 |
_a{"@id":"x28r7tf333z8cnh","modified":"2013-03-20T15:32:14+01:00","checksum":"61115984499"} _2librisxl |
||
| 887 |
_a{"@id":"9fm488wg1p5js7t","modified":"2013-05-24T17:20:17+02:00","checksum":"47374258823"} _2librisxl |
||
| 887 |
_a{"@id":"ns0j4v5t0p22fxb","modified":"2016-08-22T09:25:59+02:00","checksum":"33274805138"} _2librisxl |
||
| 887 |
_a{"@id":"pt1jqzhv01w4jq3","modified":"2013-08-01T10:23:45+02:00","checksum":"33241132450"} _2librisxl |
||
| 887 |
_a{"@id":"kpwdcdlq0zsnt94","modified":"2013-05-06T11:54:36+02:00","checksum":"-20763485185"} _2librisxl |
||
| 887 |
_a{"@id":"chpdv9bj1hql760","modified":"2014-08-25T11:16:42+02:00","checksum":"38587416790"} _2librisxl |
||
| 887 |
_a{"@id":"mrzg0f5s0nf2dqr","modified":"2013-04-02T09:38:36+02:00","checksum":"65420740892"} _2librisxl |
||
| 942 |
_2z _cBOOK |
||
| 948 | s |
_6648 _aTvåtusentalet _u2000-talet |
|
| 948 | s |
_6648 _aTjugohundratalet _u2000-talet |
|
| 948 | s |
_6648 _aNittonhundratalet _u1900-talet |
|
| 948 | s |
_6648 _aTjugonde århundradet _u1900-talet |
|